000 01073cab a2200217 4500
001 L136090
008 070109n2007 000 0 eng u
035 _a(Sirsi) u136090
041 0 _aeng
100 1 _aGordon, Warren
245 0 0 _aCase news
_bThomas v Ken Thomas
260 _c2007
490 0 _aProperty Week
_v72(1) 5 January 2007, 56(1)
520 _aConcerns a case [2006] EWCA Civ 1504, 9 October 2006, where after leasing a warehouse, a tenant got into financial difficulties and fell behind in the rent. The landlord accepted a deferred payment, and the tenant subsequently went into a company voluntary agreement. Under the terms of the lease the landlord had the right to forfeit the lease, and went to court to forfeit the tenant' lease. "Held": the Court of Appeal blocked the move, ruling that the landlord had lost the right to forfeiture by accepting the deferred rent payment.
590 _aKA
650 2 4 _aINSOLVENCY ACT 1986
650 2 4 _aTHOMAS V KEN THOMAS
651 4 _aEngland
_y886-
690 _aLandlord and tenant
_96252
942 _n0
999 _c78129
_d78129